00490nam a2200157 a 450000500170000000800410001702000150005805000240007310000250009724500710012226000450019330000210023852100090025965000430026870000210031120140310183508.0101015s19uu xx 00 eng d a0534626106 aHV 11 b.R3975 2006 aAlexander, Leslie B. aThe research process in the human services :bbehind the scenes. / aAustralia :bThomson Brooks Cole,c2006. a491 p. :c26 cm. aBSBA aHuman servicesxResearchxMethodology. aSolomon, Phyllis